Quiz sur la Corrèze - Statistiques

Statistiques générales
  • Ce quiz a été pris 571 fois
  • Le résultat moyen est 15 sur 20
Statistiques - réponses
Question Réponse % Correct
Numéro du département 19
99%
Préfecture Tulle
97%
Région Nouvelle-Aquitaine
96%
Sous-préfectures Brive-la-Gaillarde
91%
François Hollande
90%
Creuse
89%
Haute-Vienne
87%
Dordogne
86%
Lot
85%
Présidents de la République qui ont auparavant été respectivement député et président du conseil général de la Corrèze. Jacques Chirac
84%
Départements limitrophes Cantal
83%
Chaine de montagnes anciennes qui s'étale sur l'est du département. Le Massif Central
71%
Ussel
69%
Gentilé Corréziens
65%
Groupe musical qui assure avoir ''la Corrèze dans l'cathéter''. Trois Cafés Gourmands
65%
Puy-de-Dôme
64%
Parc naturel régional qui s'étend sur le nord de la Corrèze. Le Parc Naturel Régional de Millevaches en Limousin
57%
Nombre d'habitants (arrondi à la dizaine de milliers d'habitants) 240 000 (241 464)
39%
Celui de l'Aigle a été construit pendant la Seconde Guerre mondiale. Barrage
22%
Roche de couleur rouge qui fait la renommée de plusieurs villages touristiques dont Collonges-la-Rouge. Le grès rouge
22%
Aucun quiz correspondant
Distribution des résultats
% des personnes avec chaque résultat
Percentile par nombre de réponses
Votre historique - résultats
Vous n’avez pas pris ce quiz